Redes de computadoras, internet e interredes / (Record no. 11136)

MARC details
000 -LEADER
fixed length control field 00505nam a22001697a 4500
008 - FIXED-LENGTH DATA ELEMENTS--GENERAL INFORMATION
fixed length control field 130418t xxu||||| |||| 00| 0 spa d
020 ## - INTERNATIONAL STANDARD BOOK NUMBER
International Standard Book Number 970-17-0021-x
082 14 - DEWEY DECIMAL CLASSIFICATION NUMBER
Edition number 14
Classification number 004.6
100 1# - MAIN ENTRY--PERSONAL NAME
Personal name Cromer, Douglas E.
9 (RLIN) 21952
245 10 - TITLE STATEMENT
Title Redes de computadoras, internet e interredes /
Statement of responsibility, etc Douglas E.Cromer.
250 ## - EDITION STATEMENT
Edition statement 5a.ed.
260 ## - PUBLICATION, DISTRIBUTION, ETC. (IMPRINT)
Place of publication, distribution, etc México, D.F. :
Name of publisher, distributor, etc Prentice-Hall Hispanoamericana,
Date of publication, distribution, etc 1997.
300 ## - PHYSICAL DESCRIPTION
Extent xix, 506 p.
650 ## - SUBJECT ADDED ENTRY--TOPICAL TERM
Topical term or geographic name as entry element REDES
9 (RLIN) 1602
942 ## - ADDED ENTRY ELEMENTS (KOHA)
Source of classification or shelving scheme Dewey Decimal Classification
Item type Libro, folleto, traducción
980 ## - EQUIVALENCE OR CROSS-REFERENCE-SERIES STATEMENT--PERSONAL NAME/TITLE [LOCAL, CANADA]
Field link and sequence number 2
Miscellaneous information Virginia Figueroa
Linkage 2
Personal name Virginia Figueroa
Holdings
Withdrawn status Lost status Source of classification or shelving scheme Damaged status Not for loan Home library Current library Date acquired Source of acquisition Total Checkouts Full call number Barcode Date last seen Price effective from Koha item type
    Dewey Decimal Classification     Biblioteca Central Biblioteca Central 08/10/2025 Donación   004.6COM UNAJ25100008 08/10/2025 08/10/2025 Libro, folleto, traducción

Lunes a Viernes 8:30 a 19:00 hs. Cerrado por mudanza
Av.Calchaqui 6200 Florencio Varela (CP188) 2°piso Edificio Mosconi Aula 209-210
Mail: bibliotecacentralunaj@gmail.com  
Whatsapp(54 9)1122668024    ❔Pregunte a la bibliotecaria
© Universidad Nacional Arturo Jauretche | Secretaría Académica | Biblioteca Central UNAJ